| 000 | 00922cab a2200241 4500 | ||
|---|---|---|---|
| 001 | ABS53002 | ||
| 008 | 090401t1995 xxu||||| |||| 00| 0 eng d | ||
| 035 | _a(Sirsi) u1280 | ||
| 041 | _aeng | ||
| 100 | _aEllmore, C | ||
| 245 | _aTenant in place modernisation - torture for building surveyors? | ||
| 260 | _c1995 | ||
| 350 | _a0 | ||
| 490 |
_aCSM (Chartered Surveyor Monthly) _v4(8) June 1995, 34-35(2) |
||
| 520 | _aArgues that the tendancy not to relocate tenants during building work hampers the work of the building surveyor. Places emphasis on the need for communication throughout the project, basing recommendations on the DoE publication `Refurbishment Contracts`. | ||
| 650 | _aBUILT ENVIRONMENT-BUILDING INSPECTION | ||
| 650 |
_aRefurbishment _96264 |
||
| 650 | _aTENANT IN PLACE MODERNISATION | ||
| 650 | _aTENANT PARTICIPATION | ||
| 690 |
_aRefurbishment _96264 |
||
| 942 | _n0 | ||
| 948 | _c04/03/1997 | ||
| 999 |
_c698 _d698 |
||